000 00315nas a2200145 a 4500
001 69444
003 143313
005 20201118110646.0
008 ||||||n9999 ||| || ||
245 0 _aConvergencia - Vol.1 No.2
260 _c1997.
562 _e1
773 _058262
_aConvergencia :
942 _cSISS
999 _c69444
_d69444